Mary Kelly /

Saved in:
Bibliographic Details
Main Author: Iversen, Margaret.
Other Authors: Crimp, Douglas., Bhabha, Homi K., 1949-, Kelly, Mary, 1941-
Format: Book
Language:English
Published: London : Phaidon Press, 1997.
Series:Contemporary artists.
Subjects:
Tags: Add Tag
No Tags, Be the first to tag this record!
LEADER 00871cam a2200289 a 4500
001 007716285-4
005 20020606104010.5
008 980521s1997 enka b 000 0deng d
020 |a 0714836613 
035 0 |a ocm38074018 
035 1 |a MAHA98B1308 
035 1 |z NYWA97B1309 
040 |a NNWhit  |c NNWhit  |d MH-FA 
050 4 |a N6537.K384  |b I94 1997 
100 1 |a Iversen, Margaret. 
245 1 0 |a Mary Kelly /  |c Margaret Iversen, Douglas Crimp, Homi K. Bhabha. 
260 |a London :  |b Phaidon Press,  |c 1997. 
300 |a 160 p. :  |b ill. (some col.) ;  |c 29 cm. 
490 1 |a Contemporary artists 
504 |a Bibliography: p. 158-159. 
600 1 0 |a Kelly, Mary,  |d 1941-  |x Criticism and interpretation. 
700 1 |a Crimp, Douglas. 
700 1 |a Bhabha, Homi K.,  |d 1949- 
700 1 |a Kelly, Mary,  |d 1941- 
830 0 |a Contemporary artists. 
988 |a 20020608 
906 |0 RLIN